Partial Differential Equations in Action. From Modelling to Theory
Guardat en:
| Autor principal: | |
|---|---|
| Format: | Desconegut |
| Idioma: | anglès |
| Publicat: |
Switzerland
Springer
2016
|
| Edició: | Third edition |
| Matèries: | |
| Accés en línia: | Disponible Online |
| Etiquetes: |
Afegir etiqueta
Sense etiquetes, Sigues el primer a etiquetar aquest registre!
|
MARC
| LEADER | 00000 a2200000 4500 | ||
|---|---|---|---|
| 003 | CL-VaPUC | ||
| 005 | 20230718074445.0 | ||
| 008 | 200325b ||||| |||| 00| 0 eng d | ||
| 999 | |c 422672 |d 422670 | ||
| 020 | |a 9783319312378 | ||
| 040 | |c Pontificia Universidad Católica de Valparaíso | ||
| 082 | 0 | 4 | |a 515.353 SAL 2016 |
| 100 | 1 | |a Salsa, Sandro |9 737497 | |
| 245 | 1 | 0 | |a Partial Differential Equations in Action. |b From Modelling to Theory |
| 250 | |a Third edition | ||
| 260 | |a Switzerland |b Springer |c 2016 | ||
| 300 | |a 708 páginas | ||
| 583 | |k Cristina Rojas |c 20200325 | ||
| 650 | 0 | 0 | |a Ecuaciones diferenciales |9 260083 |
| 650 | 0 | 0 | |a Matemática |9 260235 |
| 856 | |u http://bibliografiadigital.pucv.cl.pucv.idm.oclc.org/index.php/bibliotecapucv/catalog/book/560 |y Disponible Online | ||
| 942 | |2 ddc |c BK | ||
| 952 | |0 0 |1 0 |2 ddc |4 0 |6 515_353000000000000_SAL_2016 |7 0 |8 A |9 561779 |a BIBMAT |b BIBMAT |d 2020-03-23 |e 1 |g 111767.00 |i 5574838 |l 8 |m 1 |o 515.353 SAL 2016 |p 5574838 |r 2025-01-07 |s 2022-10-19 |t 1 |v 111767.00 |w 2020-03-23 |y BK |k MAT | ||